Le mythe de Prométhée dans la littérature francaise contemporaine

Salvato in:
Dettagli Bibliografici
Autore principale: Prémont, Laurent
Natura: Libro
Lingua:Undetermined
Pubblicazione: Quebec, Canadá Université Laval 1964
Soggetti:
Tags: Aggiungi Tag
Nessun Tag, puoi essere il primo ad aggiungerne!!

MARC

LEADER 00000nam a2200000Ia 4500
008 170316s9999 xx 000 0 und d
090 |a 291 P-1m 
100 |a Prémont, Laurent 
245 |a Le mythe de Prométhée dans la littérature francaise contemporaine 
260 |a Quebec, Canadá 
260 |b Université Laval 
260 |c 1964 
300 |a 247 páginas 
650 |a MITOLOGÍA 
999 |c 18150  |d 18150 
040 |a cru BVZT 
942 |c 15 D  |h 291 P-1m  |2 z